| 000 | 00536nam a2200181Ia 4500 | ||
|---|---|---|---|
| 008 | 090124s9999 xx 000 0 und d | ||
| 082 | _b114973 | ||
| 100 | _aपाटील चंद्रकांत | ||
| 245 | _a निस्संदर्भ | ||
| 250 | _a1 | ||
| 260 | _c1973 | ||
| 300 | _a30 | ||
| 600 | _aपाटील चंद्रकांत | ||
| 630 | _a निस्संदर्भ | ||
| 700 | _aपाटील चंद्रकांत | ||
| 730 | _a निस्संदर्भ | ||
| 942 | _cBOOK | ||
| 999 |
_c161064 _d161064 |
||